| 000 | 00453nam a2200169 a 4500 | ||
|---|---|---|---|
| 001 | 37013 | ||
| 005 | 20180714005811.0 | ||
| 008 | 140415s1962 000 0 spa d | ||
| 041 | _aspa | ||
| 082 |
_a261.7 _bSHE |
||
| 100 | 1 | _aSHEEN, FULTON J. | |
| 245 | 1 | 3 | _aEL COMUNISMO Y LA CONCIENCIA OCCIDENTAL |
| 260 |
_a[s.l.] : _bEDICIONES OCCIDENTE, _c1962 |
||
| 300 | _a240 | ||
| 650 | 1 | 4 |
_aCOMUNISMO _xRELIGION |
| 700 | 1 |
_aEDESGA, S. _etr. |
|
| 999 |
_c37013 _d37013 |
||